<?xml version="1.0" encoding="UTF-8"?>
<record
    xmlns:xsi="http://www.w3.org/2001/XMLSchema-instance"
    xsi:schemaLocation="http://www.loc.gov/MARC21/slim http://www.loc.gov/standards/marcxml/schema/MARC21slim.xsd"
    xmlns="http://www.loc.gov/MARC21/slim">

  <leader>00391nam a2200157Ia 4500</leader>
  <controlfield tag="008">220803s9999    xx            000 0 und d</controlfield>
  <datafield tag="020" ind1=" " ind2=" ">
    <subfield code="a">9788175054110</subfield>
  </datafield>
  <datafield tag="041" ind1=" " ind2=" ">
    <subfield code="a">eng</subfield>
  </datafield>
  <datafield tag="082" ind1=" " ind2=" ">
    <subfield code="a">823 BOD</subfield>
  </datafield>
  <datafield tag="100" ind1=" " ind2=" ">
    <subfield code="a">Bodhasarananda S Pub.</subfield>
    <subfield code="9">25859</subfield>
  </datafield>
  <datafield tag="245" ind1=" " ind2=" ">
    <subfield code="a">Complete Works Of Swami Vivekananda 1</subfield>
  </datafield>
  <datafield tag="250" ind1=" " ind2=" ">
    <subfield code="a">2nd</subfield>
  </datafield>
  <datafield tag="260" ind1=" " ind2=" ">
    <subfield code="a">Kolkata</subfield>
    <subfield code="b">Advaita Ashrama</subfield>
    <subfield code="c">2013</subfield>
  </datafield>
  <datafield tag="300" ind1=" " ind2=" ">
    <subfield code="a">560p</subfield>
  </datafield>
  <datafield tag="500" ind1=" " ind2=" ">
    <subfield code="a">ARCHI</subfield>
  </datafield>
  <datafield tag="999" ind1=" " ind2=" ">
    <subfield code="c">16578</subfield>
    <subfield code="d">16578</subfield>
  </datafield>
  <datafield tag="952" ind1=" " ind2=" ">
    <subfield code="0">0</subfield>
    <subfield code="1">0</subfield>
    <subfield code="4">0</subfield>
    <subfield code="7">0</subfield>
    <subfield code="a">BNCA</subfield>
    <subfield code="b">BNCA</subfield>
    <subfield code="d">2017-09-12</subfield>
    <subfield code="e">MKSSS</subfield>
    <subfield code="g">70.62</subfield>
    <subfield code="l">3</subfield>
    <subfield code="m">1</subfield>
    <subfield code="o">823 BOD</subfield>
    <subfield code="p">BNCA-BK-10317</subfield>
    <subfield code="r">2024-08-12 00:00:00</subfield>
    <subfield code="s">2024-08-07</subfield>
    <subfield code="v">70.62</subfield>
    <subfield code="w">2017-09-12</subfield>
    <subfield code="y">BK</subfield>
    <subfield code="z">B10317</subfield>
  </datafield>
  <datafield tag="952" ind1=" " ind2=" ">
    <subfield code="0">0</subfield>
    <subfield code="1">0</subfield>
    <subfield code="4">0</subfield>
    <subfield code="7">0</subfield>
    <subfield code="a">BNCA</subfield>
    <subfield code="b">BNCA</subfield>
    <subfield code="d">2017-09-12</subfield>
    <subfield code="e">MKSSS</subfield>
    <subfield code="g">70.62</subfield>
    <subfield code="l">0</subfield>
    <subfield code="o">823 BOD</subfield>
    <subfield code="p">BNCA-BK-10318</subfield>
    <subfield code="r">2022-08-03 00:00:00</subfield>
    <subfield code="v">70.62</subfield>
    <subfield code="w">2017-09-12</subfield>
    <subfield code="y">BK</subfield>
    <subfield code="z">B10318</subfield>
  </datafield>
  <datafield tag="952" ind1=" " ind2=" ">
    <subfield code="0">0</subfield>
    <subfield code="1">0</subfield>
    <subfield code="4">0</subfield>
    <subfield code="7">0</subfield>
    <subfield code="a">BNCA</subfield>
    <subfield code="b">BNCA</subfield>
    <subfield code="d">2017-09-12</subfield>
    <subfield code="e">MKSSS</subfield>
    <subfield code="g">70.62</subfield>
    <subfield code="l">0</subfield>
    <subfield code="o">823 BOD</subfield>
    <subfield code="p">BNCA-BK-10319</subfield>
    <subfield code="r">2022-08-03 00:00:00</subfield>
    <subfield code="v">70.62</subfield>
    <subfield code="w">2017-09-12</subfield>
    <subfield code="y">BK</subfield>
    <subfield code="z">B10319</subfield>
  </datafield>
  <datafield tag="952" ind1=" " ind2=" ">
    <subfield code="0">0</subfield>
    <subfield code="1">0</subfield>
    <subfield code="4">0</subfield>
    <subfield code="7">0</subfield>
    <subfield code="a">BNCA</subfield>
    <subfield code="b">BNCA</subfield>
    <subfield code="d">2017-09-12</subfield>
    <subfield code="e">MKSSS</subfield>
    <subfield code="g">70.62</subfield>
    <subfield code="l">0</subfield>
    <subfield code="o">823 BOD</subfield>
    <subfield code="p">BNCA-BK-10320</subfield>
    <subfield code="r">2022-08-03 00:00:00</subfield>
    <subfield code="v">70.62</subfield>
    <subfield code="w">2017-09-12</subfield>
    <subfield code="y">BK</subfield>
    <subfield code="z">B10320</subfield>
  </datafield>
  <datafield tag="952" ind1=" " ind2=" ">
    <subfield code="0">0</subfield>
    <subfield code="1">0</subfield>
    <subfield code="4">0</subfield>
    <subfield code="7">0</subfield>
    <subfield code="a">BNCA</subfield>
    <subfield code="b">BNCA</subfield>
    <subfield code="d">2017-09-12</subfield>
    <subfield code="e">MKSSS</subfield>
    <subfield code="g">70.62</subfield>
    <subfield code="l">0</subfield>
    <subfield code="o">823 BOD</subfield>
    <subfield code="p">BNCA-BK-10321</subfield>
    <subfield code="r">2022-08-03 00:00:00</subfield>
    <subfield code="v">70.62</subfield>
    <subfield code="w">2017-09-12</subfield>
    <subfield code="y">BK</subfield>
    <subfield code="z">B10321</subfield>
  </datafield>
  <datafield tag="952" ind1=" " ind2=" ">
    <subfield code="0">0</subfield>
    <subfield code="1">0</subfield>
    <subfield code="4">0</subfield>
    <subfield code="7">0</subfield>
    <subfield code="a">BNCA</subfield>
    <subfield code="b">BNCA</subfield>
    <subfield code="d">2017-09-12</subfield>
    <subfield code="e">MKSSS</subfield>
    <subfield code="g">70.62</subfield>
    <subfield code="l">0</subfield>
    <subfield code="o">823 BOD</subfield>
    <subfield code="p">BNCA-BK-10322</subfield>
    <subfield code="r">2022-08-03 00:00:00</subfield>
    <subfield code="v">70.62</subfield>
    <subfield code="w">2017-09-12</subfield>
    <subfield code="y">BK</subfield>
    <subfield code="z">B10322</subfield>
  </datafield>
  <datafield tag="952" ind1=" " ind2=" ">
    <subfield code="0">0</subfield>
    <subfield code="1">0</subfield>
    <subfield code="4">0</subfield>
    <subfield code="7">0</subfield>
    <subfield code="a">BNCA</subfield>
    <subfield code="b">BNCA</subfield>
    <subfield code="d">2017-09-12</subfield>
    <subfield code="e">MKSSS</subfield>
    <subfield code="g">70.62</subfield>
    <subfield code="l">0</subfield>
    <subfield code="o">823 BOD</subfield>
    <subfield code="p">BNCA-BK-10323</subfield>
    <subfield code="r">2022-08-03 00:00:00</subfield>
    <subfield code="v">70.62</subfield>
    <subfield code="w">2017-09-12</subfield>
    <subfield code="y">BK</subfield>
    <subfield code="z">B10323</subfield>
  </datafield>
  <datafield tag="952" ind1=" " ind2=" ">
    <subfield code="0">0</subfield>
    <subfield code="1">0</subfield>
    <subfield code="4">0</subfield>
    <subfield code="7">0</subfield>
    <subfield code="a">BNCA</subfield>
    <subfield code="b">BNCA</subfield>
    <subfield code="d">2017-09-12</subfield>
    <subfield code="e">MKSSS</subfield>
    <subfield code="g">70.62</subfield>
    <subfield code="l">0</subfield>
    <subfield code="o">823 BOD</subfield>
    <subfield code="p">BNCA-BK-10324</subfield>
    <subfield code="r">2022-08-03 00:00:00</subfield>
    <subfield code="v">70.62</subfield>
    <subfield code="w">2017-09-12</subfield>
    <subfield code="y">BK</subfield>
    <subfield code="z">B10324</subfield>
  </datafield>
</record>
